000 00551nam a2200193Ia 4500
001 9020
003 GE_BSU
008 181216s||||||||xx |||||||||||||| ||und||
040 _cGE_BSU
080 _a821.353.1–32
100 _aკლდიაშვილი,სერგო
245 _aმოთხრობები:წიგნი პირველი
260 _aტფილისი
260 _bფედერაცია
260 _c1933
300 _a258გვ.20სმ.
653 _aმოთხრობები
942 _cBK
999 _c42324
_d42324